000 00209nam a22000857a 4500
008 170302b xxu||||| |||| 00| 0 eng d
100 _93011
_aTortora.G.T
245 _aAnatmy and Physiology
260 _aUK
_bJohn
_c2011
999 _c6254
_d6254